Регионална библиотека "Любен Каравелов" - Русе

Мотиви на човешкото поведение (Запис номер 65937)

MARC детайли
000 -Лидер
Контролно поле с фиксирана дължина 01693nam a2200397 c 4500
003 - Код на организацията, давaща контролен номер
Контролно поле BLK
005 - Дата и час на последна редакция
Контролно поле 20230411105458.0
008 - Елементи от данни с фиксирана дължина
fixed length control field 180408b bul|||||r ||||||| ||bul||
010 ## - Наследен системен номер
LC control number KNG00070220000
020 ## - Международен стандартен номер на книга ISBN
Международен стандартен номер на книга ISBN 954-91652-8-0
-- издат.: Фонд. КОМ
040 ## - Източник на каталожния запис
Идентификатор на билиотеката - собственик на записа BLK
041 ## - Код за език
Код за езика на текст/звукозапис или на отделно заглавие Български
Код за езика КДБФ Български
080 ## - УДК
Текстов определител УДК Социално поведение. Социална психология
УДК код - определител по УДК 316.6
УДК определител
УДК - код + определител 316.6
080 ## - УДК
Текстов определител УДК Пороци. Недостатъци. Високомерие. Завист. Лъжа. Ненавист. Жестокост и др.
УДК код - определител по УДК 179.8
УДК определител
УДК - код + определител 179.8
080 ## - УДК
Текстов определител УДК Гении. Гениалност
УДК код - определител по УДК 159.924
УДК определител
УДК - код + определител 159.924
100 1# - Редна дума - Автор
Автор Паси, Исак Соломон
Авторска отговорност първи автор
R(LIN) 363338
139 ## - Редно поле
Редна дума Паси, Исак Соломон
Авторски знак Пас - П 25
245 10 - Сведения за заглавието
Заглавие Мотиви на човешкото поведение
Подзаглавни данни 60 социално-психол. етюда
Редно поле (дума) Исак Соломон Паси.
250 ## - Област на изданието
Сведения за изданието 2. доп. изд.
257 ## - Страна на издаване
Страна на създаване/издаване България
260 ## - Област на издателските данни
-- София
Име на издателя, разпространителя и проч. Фонд. КОМ
-- Ни плюс
Година на издаване 2006
Печатница София : Симолини
300 ## - Физическа характеристика
Страници 264 с.
Размери/Мащаб 23 см
380 ## - Жанр
Жанр Обществени науки
500 ## - Общи забележки
Забележка 1. изд. 2002 на изд. Захарий Стоянов
650 #4 - Допълнително описание по предмет – тема
Основно описание – тема или топоним Поведение - социалнопсихологични проблеми
9 (RLIN) 243184
650 #4 - Допълнително описание по предмет – тема
Основно описание – тема или топоним Морал - философски проблеми
9 (RLIN) 252066
650 #4 - Допълнително описание по предмет – тема
Основно описание – тема или топоним Социална психология
9 (RLIN) 243161
653 ## - Ключова дума – ненормативна
Ключова дума поведение
653 ## - Ключова дума – ненормативна
Ключова дума морал
653 ## - Ключова дума – ненормативна
Ключова дума социална психология
852 ## - Местоположение
Форматна сигнатура Цб 230573
856 4# - Електронен адрес и достъп
Електронен формат pdf - файл
Път до файла /url/
856 4# - Електронен адрес и достъп
Електронен формат pdf - файл
Път до файла /url/
942 ## - АРТИКУЛИ
Вид на библиотечния материал Книги
Скрит в OPAC Не
Koha issues (borrowed), all copies 11
944 ## - СЪЗДАВАНЕ И РЕДАКЦИЯ на ЗАПИСА
Създаване/Редакция Създаване
Дата на регистрацията/редакция 27.12.2006
Служител, извършил регистрацията/редакцията Людмила_Стоянова
944 ## - СЪЗДАВАНЕ И РЕДАКЦИЯ на ЗАПИСА
Създаване/Редакция Редакция
Дата на регистрацията/редакция 09.10.2007
Служител, извършил регистрацията/редакцията
999 ## - СИСТЕМНИ КОНТРОЛНИ НОМЕРА
Koha biblionumber 65937
Koha biblioitemnumber 65937
Наличности
Код за отписване Код за изгубен артикул Код за повреда Коз за рестрикции Код за отдаване Артикулен № Име на библиотеката - собственик Име на библиотеката, в която се намира в момента Статус (Текущо местоположение) Дата на вписване в системата Местоположение - отдел Цена в лева Инвентарен номер Систематично азбучна сигнатура Баркод Номер на екземпляра Цена в евро Служебна бележка Служебен тип на артикула Източник на класификационната схема
  Не е изгубен Не е повреден без рестрикции ползва се в читалня 108892 Регионална библиотека "Любен Каравелов" Русе Регионална библиотека "Любен Каравелов" Русе Читалня 2006-12-27 Читалня 10.00 120000707831 Ч 316/П 25 120000707831 1 5.11 Дост: Pk Вид: Ф N: 47554 Дата: 20.12.2006 Дата инв: 22.03.2017 Бележки инв: Ч2017 Книги  
  Не е изгубен Не е повреден без рестрикции ползва се в читалня 108893 Регионална библиотека "Любен Каравелов" Русе Регионална библиотека "Любен Каравелов" Русе Хранилище 2007-08-03 Хранилище 10.00 120000716039 Цб 230573 120000716039 2 5.11 Дост: Dp Вид: Д N: 10 Дата: 15.02.2007 Книги  
  Не е изгубен Не е повреден без рестрикции заемане за дома 108894 Регионална библиотека "Любен Каравелов" Русе Регионална библиотека "Любен Каравелов" Русе Заемна - подръчен фонд 2007-10-08 Заемна - подръчен фонд 10.00 120000717641 П 316.6/П 25 120000717641 3 5.11 Дост: Pk Вид: Ф N: 9215 Дата: 01.10.2007 Дата инв: 02.02.2018 Бележки инв: П2018 Книги  
  Не е изгубен Не е повреден без рестрикции заемане за дома 108895 Регионална библиотека "Любен Каравелов" Русе Регионална библиотека "Любен Каравелов" Русе Заемна - подръчен фонд 2007-10-08 Заемна - подръчен фонд 10.00 120000717642 П 316.6/П 25 120000717642 4 5.11 Дост: Pk Вид: Ф N: 9215 Дата: 01.10.2007 Дата инв: 19.01.2015 Бележки инв: П2015 Книги Universal Decimal Classification
  Не е изгубен Не е повреден без рестрикции заемане за дома 108896 Регионална библиотека "Любен Каравелов" Русе Регионална библиотека "Любен Каравелов" Русе Заемна - подръчен фонд 2007-10-08 Заемна - подръчен фонд 10.00 120000717643 П 316.6/П 25 120000717643 5 5.11 Дост: Pk Вид: Ф N: 9215 Дата: 01.10.2007 Дата инв: 02.02.2018 Бележки инв: П2018 Книги  
Vip Innovations Ltd, Rousse, Bulgaria 2025